LEADER 01091nam a2200265 i 4500 001 991004172119707536 005 20020506114824.0 008 010319s1999 it ||| | ita 020 $a888675681X 035 $ab10618995-39ule_inst 035 $aEXGIL135171$9ExL 040 $aBiblioteca Interfacoltà$bita 100 1 $aGuerrini, Mauro$d<1953- >$05520 245 10$aRiflessioni su principi, standard, regole e applicazioni :$bsaggi di storia, teoria e tecnica della catalogazione /$cMauro Guerrini ; presentazione di Attilio Mauro Caproni 260 $aUdine :$bForum,$c[1999] 300 $a267 p. ;$c24 cm. 490 0 $aScienze bibliografiche ;$v1 650 4$aCatalogazione per autori 700 1 $aCaproni, Attilio Mauro 907 $a.b10618995$b12-05-17$c28-06-02 912 $a991004172119707536 945 $aLE002 Bibl. Ris. 224/1$g1$i2002000012593/P92$lle002$o-$pE0.00$q-$rn$so $t0$u0$v0$w0$x0$y.i10705880$z28-06-02 996 $aRiflessioni su principi, standard, regole e applicazioni$9231773 997 $aUNISALENTO 998 $ale002$b01-01-01$cm$da $e-$fita$git $h0$i1